[Event "XIX Festival Conca della Presolana Magistrale"]
[Site "Bratto - Castione della Presolana ITA"]
[Date "1999.08.24"]
[Round "3"]
[White "Ranieri, Fabrizio"]
[Black "Osuna Munoz, Xavier"]
[Result "1-0"]
[WhiteElo "2155"]
[BlackElo "2096"]
[PlyCount "73"]
[EventDate "1999.08.22"]

1.e4 d5 2.exd5 Nf6 3.Nf3 Nxd5 4.d4 Bf5 5.Bd3 Bxd3 6.Qxd3 e6 7.O-O c6 8.c4 
Nf6 9.Qb3 Qc7 10.Nc3 Nbd7 11.Re1 Be7 12.Bg5 O-O 13.d5 Nc5 14.Qc2 a5 15.
Rad1 Rfd8 16.Rd2 Rac8 17.Bh4 cxd5 18.cxd5 Nce4 19.Rxe4 Nxe4 20.Qxe4 Bxh4 
21.Qxh4 exd5 22.h3 Qc5 23.Rd4 b5 24.a3 f6 25.Qg4 Rc7 26.Nxd5 Rcc8 27.Nxf6+
Kh8 28.Nh5 Qc1+ 29.Kh2 Qc7+ 30.g3 Rxd4 31.Nxd4 g6 32.Nf4 Re8 33.Qh4 Qd6 
34.Nf3 Qb6 35.Kg2 Rf8 36.Ng5 h5 37.Nge6 1-0

[Event "XIX Festival Conca della Presolana Magistrale"]
[Site "Bratto - Castione della Presolana ITA"]
[Date "1999.08.24"]
[Round "3"]
[White "Skembris, Spyridon"]
[Black "Profumo, Alberto"]
[Result "1/2-1/2"]
[WhiteElo "2477"]
[BlackElo "2268"]
[PlyCount "134"]
[EventDate "1999.08.22"]

1.d4 Nf6 2.c4 g6 3.Nc3 Bg7 4.e4 d6 5.Bd3 O-O 6.Nge2 e5 7.d5 Nh5 8.O-O f5 
9.exf5 gxf5 10.f4 Na6 11.Be3 Qe7 12.Qd2 Bd7 13.Rae1 Rae8 14.Bc2 exf4 15.
Nxf4 Nxf4 16.Bxf4 Qf6 17.Rd1 Nc5 18.Rf3 Ne4 19.Bxe4 fxe4 20.Rf2 a6 21.Be3 
Qg6 22.Rdf1 Rxf2 23.Rxf2 Rf8 24.Rxf8+ Kxf8 25.Bd4 Bf5 26.Bxg7+ Kxg7 27.Qe3
Qf6 28.a4 a5 29.h3 Bg6 30.b3 Qe5 31.Ne2 c6 32.dxc6 bxc6 33.Kf2 c5 34.Qc3 
Kf6 35.Ke3 Qxc3+ 36.Nxc3 Ke5 37.g4 h6 38.Nd5 Be8 39.Nc3 Bc6 40.Nb1 Bd7 41.
Nc3 Bc6 42.Nb1 Bd7 43.Nd2 Bc6 44.Nb1 Bd7 45.Nc3 Bc6 46.h4 Bd7 47.g5 hxg5 
48.hxg5 Bc6 49.g6 Kf6 50.Nxe4+ Kxg6 51.Nxd6 Kf6 52.Kf4 Bg2 53.Nb5 Ke6 54.
Nc3 Kd6 55.Kf5 Bf1 56.Nb5+ Kc6 57.Ke4 Be2 58.Nc3 Bh5 59.Kf5 Kd6 60.Ne4+ 
Kc6 61.Nf2 Kd6 62.Kg5 Bf3 63.Kf6 Bg2 64.Kf5 Bf3 65.Kf4 Be2 66.Ke3 Bh5 67.
Ne4+ Kc6 1/2-1/2

[Event "XIX Festival Conca della Presolana Magistrale"]
[Site "Bratto - Castione della Presolana ITA"]
[Date "1999.08.24"]
[Round "3"]
[White "Szekely, Peter"]
[Black "Epishin, Vladimir V."]
[Result "1/2-1/2"]
[WhiteElo "2436"]
[BlackElo "2657"]
[PlyCount "91"]
[EventDate "1999.08.22"]

1.Nf3 g6 2.d4 Bg7 3.g3 c5 4.c3 Qa5 5.Bg2 cxd4 6.Nxd4 Nf6 7.O-O O-O 8.e4 d6
9.h3 Nc6 10.Re1 Bd7 11.Be3 Rfd8 12.Nd2 Be8 13.N4b3 Qc7 14.Qe2 Rab8 15.Rac1
Nd7 16.Red1 Rdc8 17.Nf3 b6 18.Nbd4 Nc5 19.Ne1 Qb7 20.f3 Na4 21.Qd2 b5 22.
b3 Nc5 23.Nec2 a5 24.Kh2 Nd8 25.Bh6 Bxh6 26.Qxh6 f6 27.Qd2 e5 28.Ne2 Nf7 
29.Ne3 Kg7 30.Rc2 Bd7 31.Nd5 Be6 32.h4 Bxd5 33.Qxd5 Qxd5 34.Rxd5 b4 35.Bh3
Rc7 36.cxb4 axb4 37.Nc1 Na6 38.Rxc7 Nxc7 39.Ra5 Nb5 40.Nd3 Nd4 41.Kg2 Rb7 
42.Nb2 f5 43.Nc4 h5 44.Kf2 f4 45.gxf4 exf4 46.Rd5 1/2-1/2

[Event "XIX Festival Conca della Presolana Magistrale"]
[Site "Bratto - Castione della Presolana ITA"]
[Date "1999.08.24"]
[Round "3"]
[White "Vita, Fabrizio"]
[Black "Temi, Walter"]
[Result "1/2-1/2"]
[WhiteElo "2114"]
[BlackElo "2096"]
[PlyCount "69"]
[EventDate "1999.08.22"]

1.Nf3 Nf6 2.g3 g6 3.b4 Bg7 4.Bb2 O-O 5.Bg2 d5 6.O-O c6 7.d3 Qb6 8.a3 a5 9.
Nbd2 axb4 10.axb4 Rxa1 11.Qxa1 Qxb4 12.Ba3 Qa5 13.Bxe7 Qxa1 14.Rxa1 Re8 
15.Bxf6 Bxf6 16.Ra8 Na6 17.e4 Nb4 18.exd5 cxd5 19.c4 Bd7 20.Rxe8+ Bxe8 21.
d4 dxc4 22.Nxc4 Bc6 23.Nfe5 Bxg2 24.Kxg2 Nc6 25.Nxc6 bxc6 26.Na5 Bxd4 27.
Nxc6 Bc3 28.f4 f6 29.Ne7+ Kf7 30.Nd5 Bd2 31.Kf3 f5 32.h3 h6 33.g4 Ke6 34.
Nc7+ Kf6 35.Nd5+ 1/2-1/2

[Event "XIX Festival Conca della Presolana Magistrale"]
[Site "Bratto - Castione della Presolana ITA"]
[Date "1999.08.25"]
[Round "4"]
[White "Barbieri, Giovanni"]
[Black "Perissinotto, Claudio"]
[Result "0-1"]
[WhiteElo "2108"]
[BlackElo "1990"]
[PlyCount "58"]
[EventDate "1999.08.22"]

1.e4 d6 2.d4 Nf6 3.Nc3 g6 4.Bc4 Bg7 5.Qe2 c6 6.e5 dxe5 7.dxe5 Nd5 8.Nxd5 
cxd5 9.Bb5+ Bd7 10.Bxd7+ Qxd7 11.Nf3 Nc6 12.O-O O-O 13.c3 b5 14.Rd1 e6 15.
Bf4 Rab8 16.h4 Rfc8 17.Ng5 Qe7 18.Qe3 b4 19.Nf3 bxc3 20.bxc3 Na5 21.Nd4 
Qxh4 22.g3 Qh3 23.Nf3 h6 24.Qxa7 Nc6 25.Qd7 g5 26.Bxg5 hxg5 27.Rxd5 Qh5 
28.Kg2 exd5 29.Rh1 Qxf3+ 0-1

[Event "XIX Festival Conca della Presolana Magistrale"]
[Site "Bratto - Castione della Presolana ITA"]
[Date "1999.08.25"]
[Round "4"]
[White "Battaggia, Piergiorgio"]
[Black "Gorelli Fagiolini, Marco"]
[Result "1/2-1/2"]
[WhiteElo "2083"]
[BlackElo "2206"]
[PlyCount "41"]
[EventDate "1999.08.22"]

1.d4 Nf6 2.c4 e6 3.Nf3 b6 4.Nc3 Bb7 5.Bg5 h6 6.Bh4 Be7 7.e3 c5 8.Be2 O-O 
9.O-O cxd4 10.Nxd4 Nc6 11.Bf3 Na5 12.b3 g5 13.Bg3 Ne8 14.e4 f6 15.Ndb5 a6 
16.Nd6 Nxd6 17.Bxd6 Bxd6 18.Qxd6 Bc6 19.Qd3 Qe7 20.Rad1 Rfd8 21.Rfe1 
1/2-1/2

[Event "XIX Festival Conca della Presolana Magistrale"]
[Site "Bratto - Castione della Presolana ITA"]
[Date "1999.08.25"]
[Round "4"]
[White "Bellini, Fabio"]
[Black "Profumo, Alberto"]
[Result "1/2-1/2"]
[WhiteElo "2418"]
[BlackElo "2268"]
[PlyCount "140"]
[EventDate "1999.08.22"]

1.e4 c6 2.d4 d5 3.Nd2 dxe4 4.Nxe4 Bf5 5.Ng3 Bg6 6.Bc4 e6 7.N1e2 Bd6 8.h4 
h6 9.Nf4 Bxf4 10.Bxf4 Nf6 11.Qe2 O-O 12.h5 Bh7 13.O-O-O b5 14.Bd3 Bxd3 15.
Qxd3 Qd5 16.Kb1 Nbd7 17.f3 a5 18.Be3 Qc4 19.Qxc4 bxc4 20.Bf4 Nd5 21.Bd6 
Rfd8 22.c3 N7b6 23.Ba3 Rab8 24.Ne4 Na4 25.Kc1 f5 26.Nd2 Naxc3 27.bxc3 Nxc3
28.Bb2 Nxa2+ 29.Kc2 Nb4+ 30.Kb1 c3 31.Bxc3 Nd5+ 32.Kc2 Ne3+ 33.Kd3 Nxd1 
34.Rxd1 c5 35.f4 cxd4 36.Bxa5 Rd5 37.Bc7 Rc8 38.Be5 Rc3+ 39.Ke2 Rc2 40.Kd3
Rc3+ 41.Ke2 Rc2 42.Ra1 Rd7 43.Ra4 d3+ 44.Ke3 Rc1 45.Bd4 Rg1 46.Kxd3 Rxg2 
47.Nf3 Rg3 48.Ke2 Rh3 49.Ne5 Rb7 50.Ra8+ Kh7 51.Ng6 Rxh5 52.Nf8+ Kg8 53.
Nd7+ Kh7 54.Nf8+ Kg8 55.Nxe6+ Kh7 56.Nf8+ Kg8 57.Ne6+ Kh7 58.Kd3 Rh3+ 59.
Kc4 Rg3 60.Nf8+ Kg8 61.Ne6+ Kh7 62.Kd5 Kg6 63.Nc5 Re7 64.Kd6 Re1 65.Ra7 
Kh5 66.Bxg7 Rg6+ 67.Kd5 Rd1+ 68.Bd4 Kg4 69.Ra2 Kxf4 70.Rf2+ Kg3 1/2-1/2

[Event "XIX Festival Conca della Presolana Magistrale"]
[Site "Bratto - Castione della Presolana ITA"]
[Date "1999.08.25"]
[Round "4"]
[White "Borgo, Giulio"]
[Black "Drazic, Sinisa"]
[Result "0-1"]
[WhiteElo "2444"]
[BlackElo "2493"]
[PlyCount "84"]
[EventDate "1999.08.22"]

1.e4 c5 2.Nf3 d6 3.d4 Nf6 4.dxc5 Nxe4 5.cxd6 Nxd6 6.Bf4 Nc6 7.Be2 g6 8.c3 
Bg7 9.Nbd2 O-O 10.Nc4 Nxc4 11.Qxd8 Rxd8 12.Bxc4 h6 13.Bc7 Rd7 14.Bg3 a6 
15.a4 e5 16.Nd2 b6 17.Ba2 Kh7 18.h4 f5 19.O-O-O b5 20.Nf3 Rxd1+ 21.Kxd1 f4
22.Ng5+ hxg5 23.hxg5+ Bh6 24.Rxh6+ Kg7 25.Bh2 Bg4+ 26.f3 Rd8+ 27.Ke1 Bh5 
28.axb5 axb5 29.Bb1 Ne7 30.g3 Bxf3 31.gxf4 e4 32.f5 Rd1+ 33.Kf2 Rd2+ 34.
Ke1 Re2+ 35.Kf1 Nxf5 36.Be5+ Kg8 37.Bxe4 Ne3+ 38.Kg1 Bxe4 39.Rh8+ Kf7 40.
Rh7+ Ke6 41.Rh2 Rxh2 42.Bxh2 Nd1 0-1

[Event "XIX Festival Conca della Presolana Magistrale"]
[Site "Bratto - Castione della Presolana ITA"]
[Date "1999.08.25"]
[Round "4"]
[White "Brancaleoni, Maurizio"]
[Black "Malfagia, Andrea"]
[Result "1-0"]
[WhiteElo "2197"]
[BlackElo "2306"]
[PlyCount "59"]
[EventDate "1999.08.22"]

1.Nf3 Nf6 2.c4 c5 3.g3 d5 4.cxd5 Nxd5 5.Bg2 Nc6 6.d4 cxd4 7.Nxd4 Ndb4 8.
Nxc6 Qxd1+ 9.Kxd1 Nxc6 10.Bxc6+ bxc6 11.b3 g6 12.Bb2 f6 13.Nc3 Kf7 14.Ne4 
e5 15.Rc1 Bf5 16.f3 Rc8 17.Rc4 Be7 18.Kc1 Rhd8 19.Rd1 Rxd1+ 20.Kxd1 Be6 
21.Ra4 Rc7 22.Ba3 c5 23.Ra5 c4 24.Bxe7 Kxe7 25.b4 c3 26.Ra3 c2+ 27.Kc1 Bc4
28.Rc3 Kd8 29.Rxc2 Bxe2 30.Nc5 1-0

[Event "XIX Festival Conca della Presolana Magistrale"]
[Site "Bratto - Castione della Presolana ITA"]
[Date "1999.08.25"]
[Round "4"]
[White "Campanile, Antonio"]
[Black "Capece, Adolivio"]
[Result "1/2-1/2"]
[WhiteElo "2156"]
[BlackElo "2051"]
[PlyCount "60"]
[EventDate "1999.08.22"]

1.f4 c5 2.Nf3 Nf6 3.b3 Nc6 4.e3 d6 5.Bb2 a6 6.a4 Bf5 7.Be2 Nb4 8.Na3 e6 9.
O-O Be7 10.d3 h6 11.Qd2 d5 12.Ne5 Nc6 13.Nxc6 bxc6 14.Rae1 O-O 15.Qc1 Qb6 
16.Bf3 Bh7 17.Kh1 Rad8 18.g4 Qb4 19.Qa1 Rb8 20.Bc3 Qb7 21.Be5 Rbd8 22.Rg1 
Ne8 23.g5 hxg5 24.fxg5 Qb4 25.Bc3 Qh4 26.Rg4 Qf2 27.Qd1 Bd6 28.Rg2 Qh4 29.
Reg1 Bf5 30.Be1 Qh7 1/2-1/2

[Event "XIX Festival Conca della Presolana Magistrale"]
[Site "Bratto - Castione della Presolana ITA"]
[Date "1999.08.25"]
[Round "4"]
[White "Caruso, Daniele"]
[Black "Patelli, Alessandro"]
[Result "1/2-1/2"]
[WhiteElo "2103"]
[BlackElo "2225"]
[PlyCount "57"]
[EventDate "1999.08.22"]

1.e4 c5 2.Nf3 Nc6 3.Bb5 g6 4.O-O Bg7 5.c3 Nf6 6.Re1 O-O 7.d4 cxd4 8.cxd4 
d5 9.e5 Ne4 10.Nbd2 Bf5 11.Bxc6 bxc6 12.Nh4 Nxd2 13.Nxf5 gxf5 14.Qxd2 Qd7 
15.b3 Kh8 16.Ba3 Rg8 17.Rac1 Bf8 18.Rc3 Rg6 19.Qc2 Bh6 20.g3 Qe6 21.f4 
Bxf4 22.Rf1 Bh6 23.Qxf5 Kg8 24.Kg2 Bg7 25.Rcf3 Rf8 26.Qxe6 Rxe6 27.Bc5 f6 
28.exf6 Bxf6 29.a4 1/2-1/2

[Event "XIX Festival Conca della Presolana Magistrale"]
[Site "Bratto - Castione della Presolana ITA"]
[Date "1999.08.25"]
[Round "4"]
[White "Castaldo, Folco"]
[Black "Skembris, Spyridon"]
[Result "0-1"]
[WhiteElo "2225"]
[BlackElo "2477"]
[PlyCount "74"]
[EventDate "1999.08.22"]

1.e4 e5 2.Nf3 Nc6 3.Nc3 Nf6 4.Bb5 Nd4 5.Nxd4 exd4 6.e5 dxc3 7.exf6 Qxf6 8.
dxc3 Qe5+ 9.Qe2 Qxe2+ 10.Bxe2 d5 11.Bf4 c6 12.O-O Be6 13.Rfe1 O-O-O 14.Bd3
Bd6 15.Be5 Bxe5 16.Rxe5 Kd7 17.Rae1 Kd6 18.f4 b5 19.a4 bxa4 20.Ra1 Rb8 21.
Rxa4 Rxb2 22.Rxa7 g6 23.Re1 Rhb8 24.Kf2 R8b3 25.Ke3 Rxc3 26.Kd2 Rcb3 27.
Rea1 h5 28.g3 Rb7 29.R7a6 Rb1 30.Rxb1 Rxb1 31.Ke3 Rh1 32.h4 Rh3 33.Kf3 Rh2
34.Ke3 Bg4 35.Ra7 f5 36.Rg7 Kc5 37.Bf1 d4+ 0-1

[Event "XIX Festival Conca della Presolana Magistrale"]
[Site "Bratto - Castione della Presolana ITA"]
[Date "1999.08.25"]
[Round "4"]
[White "Dervishi, Erald"]
[Black "Rotstein, Arkadij"]
[Result "1/2-1/2"]
[WhiteElo "2496"]
[BlackElo "2460"]
[PlyCount "115"]
[EventDate "1999.08.22"]

1.e4 c5 2.Nf3 e6 3.d4 cxd4 4.Nxd4 Nf6 5.Nc3 d6 6.Be2 Be7 7.O-O a6 8.a4 O-O
9.f4 Qc7 10.Kh1 b6 11.Bf3 Bb7 12.f5 e5 13.Nde2 Nbd7 14.g4 d5 15.exd5 e4 
16.Nxe4 Nxd5 17.N2g3 Ne5 18.Bg2 Rad8 19.Qe2 Rfe8 20.g5 Bf8 21.c3 Nc4 22.
Qf3 Ne5 23.Qh5 Qc4 24.Bf4 g6 25.Qh4 Qc8 26.Bxe5 Rxe5 27.fxg6 fxg6 28.c4 
Bg7 29.cxd5 Bxd5 30.Rad1 Qc2 31.Rd2 Qc6 32.Rfd1 Kh8 33.Qg4 Rde8 34.Rd4 h5 
35.gxh6 Bxh6 36.Qh4 Kg7 37.h3 Rf8 38.Qg4 Be3 39.R4d3 Bf4 40.Kh2 Bxe4 41.
Rd7+ Kg8 42.R1d6 Qc2 43.Rd2 Qb3 44.Bxe4 Qxg3+ 45.Qxg3 Rxe4 46.R7d6 Bxg3+ 
47.Kxg3 Kh7 48.Rxb6 Rxa4 49.Rd7+ Kh6 50.Rdd6 Rg8 51.b3 Ra1 52.Rd4 Rf8 53.
Rh4+ Kg7 54.Ra4 Rg1+ 55.Kh2 Rg5 56.Rb7+ Kh6 57.Rh4+ Rh5 58.Rxh5+ 1/2-1/2

[Event "XIX Festival Conca della Presolana Magistrale"]
[Site "Bratto - Castione della Presolana ITA"]
[Date "1999.08.25"]
[Round "4"]
[White "Di Fonzo, Valerio"]
[Black "Lanzani, Mario"]
[Result "1-0"]
[WhiteElo "2211"]
[BlackElo "2403"]
[PlyCount "125"]
[EventDate "1999.08.22"]

1.e4 c5 2.Nf3 e6 3.d4 cxd4 4.Nxd4 Nc6 5.Nb5 d6 6.c4 Nf6 7.N5c3 Be7 8.Be2 
O-O 9.Be3 b6 10.f4 Bb7 11.O-O d5 12.cxd5 exd5 13.exd5 Nb4 14.Bf3 Nfxd5 15.
Bd4 Nxc3 16.Nxc3 Bxf3 17.Rxf3 Nc2 18.Qxc2 Qxd4+ 19.Kh1 Bf6 20.Rd1 Qc4 21.
b3 Qc7 22.Qd2 Rad8 23.Nd5 Rxd5 24.Qxd5 Rd8 25.Re1 g6 26.Qe4 Rd2 27.a4 Rd4 
28.Qe3 Kg7 29.g4 Rd8 30.g5 Bb2 31.f5 gxf5 32.Rxf5 Rd7 33.Ref1 a5 34.Qf3 
Kg8 35.Qa8+ Kg7 36.Qf3 Kg8 37.Qa8+ Kg7 38.Qg2 Be5 39.R5f2 Qc3 40.Qf3 Qd4 
41.Qc6 Rc7 42.Qh6+ Kg8 43.Qh5 Qd5+ 44.Qf3 Qc5 45.Qe4 Qd4 46.Qxd4 Bxd4 47.
Rf3 Kg7 48.Rd3 Bc5 49.h4 h6 50.gxh6+ Kxh6 51.Kg2 Re7 52.Kh3 Kh5 53.Rf5+ 
Kg6 54.Rdf3 Bd4 55.h5+ Kg7 56.Kg4 Be3 57.Rd5 Re4+ 58.Kf5 Re6 59.Rd7 Bc5 
60.Kg4 Be7 61.h6+ Kxh6 62.Rxf7 Bc5 63.Kf3 1-0

[Event "XIX Festival Conca della Presolana Magistrale"]
[Site "Bratto - Castione della Presolana ITA"]
[Date "1999.08.25"]
[Round "4"]
[White "Dorighet, Claudio"]
[Black "Bertazzo, Giorgio"]
[Result "1-0"]
[WhiteElo "2121"]
[BlackElo "2004"]
[PlyCount "101"]
[EventDate "1999.08.22"]

1.c4 e5 2.Nc3 Nf6 3.g3 Bb4 4.Bg2 O-O 5.Nf3 Re8 6.O-O e4 7.Nd4 Nc6 8.Nc2 
Bxc3 9.bxc3 d6 10.d3 h6 11.Rb1 Rb8 12.Nd4 Bd7 13.Nxc6 Bxc6 14.Be3 b6 15.h3
Bd7 16.Qd2 Qe7 17.Rfe1 Qf8 18.Bd4 Nh7 19.Bxe4 Bxh3 20.Kh2 Bd7 21.Kg2 Ng5 
22.Bd5 c6 23.f4 Nh7 24.Bf3 f5 25.e4 c5 26.Bf2 Bc6 27.g4 fxe4 28.Bxe4 Bxe4+
29.dxe4 Qf7 30.Qd5 Nf6 31.Qxf7+ Kxf7 32.Kf3 Re7 33.Bh4 Re6 34.Rbd1 Rbe8 
35.Bxf6 Rxf6 36.Kg3 Rfe6 37.Kf3 Rf6 38.Rd5 Rfe6 39.Re2 R8e7 40.Re1 Re8 41.
f5 Rf6 42.Red1 Ke7 43.Kf4 g5+ 44.Kf3 Rb8 45.e5 dxe5 46.Rd7+ Kf8 47.Ke4 b5 
48.cxb5 Rxb5 49.Kxe5 Rf7 50.Rxf7+ Kxf7 51.Rd7+ 1-0

[Event "XIX Festival Conca della Presolana Magistrale"]
[Site "Bratto - Castione della Presolana ITA"]
[Date "1999.08.25"]
[Round "4"]
[White "Epishin, Vladimir V."]
[Black "Cebalo, Miso"]
[Result "1-0"]
[WhiteElo "2657"]
[BlackElo "2453"]
[PlyCount "69"]
[EventDate "1999.08.22"]

1.d4 Nf6 2.c4 g6 3.Nc3 Bg7 4.e4 d6 5.Nf3 O-O 6.Be2 Bg4 7.Be3 Nfd7 8.O-O 
Nc6 9.Rb1 Bxf3 10.Bxf3 Na5 11.Qe2 c5 12.dxc5 dxc5 13.Rbd1 Qc8 14.Bg4 e6 
15.f4 Nc6 16.e5 b6 17.Rd2 a6 18.Rfd1 Ra7 19.Ne4 Ndb8 20.Nd6 Qc7 21.Bf2 Qe7
22.Qe1 g5 23.g3 Kh8 24.Kh1 gxf4 25.gxf4 f6 26.exf6 Qxf6 27.Qxe6 Qxf4 28.
Bg3 Qh6 29.Rf2 Rxf2 30.Bxf2 Qxe6 31.Bxe6 Nd4 32.Bd5 Re7 33.Rg1 Nd7 34.Bxd4
cxd4 35.Nf5 1-0

[Event "XIX Festival Conca della Presolana Magistrale"]
[Site "Bratto - Castione della Presolana ITA"]
[Date "1999.08.25"]
[Round "4"]
[White "Galli, Fabio"]
[Black "Griffa, Roberto"]
[Result "1/2-1/2"]
[WhiteElo "2158"]
[BlackElo "2053"]
[PlyCount "22"]
[EventDate "1999.08.22"]

1.e4 d5 2.exd5 Qxd5 3.Nc3 Qa5 4.d4 e5 5.Qe2 Nc6 6.Nf3 Bg4 7.dxe5 O-O-O 8.
Qe4 Nxe5 9.Be2 Bxf3 10.Bxf3 Nxf3+ 11.Qxf3 Qe5+ 1/2-1/2

[Event "XIX Festival Conca della Presolana Magistrale"]
[Site "Bratto - Castione della Presolana ITA"]
[Date "1999.08.25"]
[Round "4"]
[White "Lapiccirella, Daniele"]
[Black "Drabke, Lorenz Maximilian"]
[Result "0-1"]
[WhiteElo "1891"]
[BlackElo "2102"]
[PlyCount "70"]
[EventDate "1999.08.22"]

1.d4 g6 2.c4 Bg7 3.Nc3 c5 4.d5 d6 5.e4 e6 6.Nf3 exd5 7.cxd5 Nf6 8.Nd2 O-O 
9.Be2 Ne8 10.O-O f5 11.exf5 Bxf5 12.Nc4 Na6 13.a3 Rb8 14.Ne3 Bd7 15.Rb1 
Nac7 16.Bd2 b5 17.b4 c4 18.a4 a6 19.a5 Be5 20.Bf3 Ng7 21.Ne2 Nf5 22.Bc3 
Nxe3 23.fxe3 Bxc3 24.Nxc3 Qf6 25.Ne2 Rbe8 26.e4 Re7 27.Qd2 Qe5 28.Nc3 Ne8 
29.Rbe1 Nf6 30.Qe3 Bc8 31.Re2 Ng4 32.Bxg4 Rxf1+ 33.Kxf1 Bxg4 34.g3 Bxe2+ 
35.Kxe2 Qh5+ 0-1

[Event "XIX Festival Conca della Presolana Magistrale"]
[Site "Bratto - Castione della Presolana ITA"]
[Date "1999.08.25"]
[Round "4"]
[White "Lapiccirella, Mattia"]
[Black "Menoni, Vincenzo"]
[Result "1-0"]
[WhiteElo "2124"]
[BlackElo "2281"]
[PlyCount "83"]
[EventDate "1999.08.22"]

1.d4 Nf6 2.c4 g6 3.Nc3 Bg7 4.e4 d6 5.Be2 O-O 6.Nf3 e5 7.d5 a5 8.Bg5 h6 9.
Bh4 Na6 10.O-O Qe8 11.Nd2 Nh7 12.a3 Bd7 13.b3 h5 14.f3 Bh6 15.Kh1 Be3 16.
Rb1 Bc5 17.Qc1 c6 18.Bf2 Qe7 19.Bxc5 Nxc5 20.Qb2 Qg5 21.b4 axb4 22.axb4 
Na4 23.Nxa4 Rxa4 24.Bd1 Ra7 25.Bb3 h4 26.Rbe1 Rc8 27.c5 dxc5 28.bxc5 Qf6 
29.f4 cxd5 30.fxe5 Qg7 31.exd5 Rxc5 32.Ne4 Rc8 33.Nd6 Rf8 34.Nxf7 Rxf7 35.
Rxf7 Qxf7 36.e6 Qf6 37.exd7 Qxb2 38.d8=Q+ Nf8 39.Rf1 Qf2 40.d6+ Kg7 41.
Qe7+ Kh6 42.Bc4 1-0

[Event "XIX Festival Conca della Presolana Magistrale"]
[Site "Bratto - Castione della Presolana ITA"]
[Date "1999.08.25"]
[Round "4"]
[White "Luchsinger, Eric"]
[Black "Mascheroni, Maurizio"]
[Result "1/2-1/2"]
[WhiteElo "2200"]
[BlackElo "2067"]
[PlyCount "42"]
[EventDate "1999.08.22"]

1.d4 Nf6 2.Bg5 d5 3.Nd2 e6 4.e3 Be7 5.Bd3 Nbd7 6.c3 e5 7.f3 c5 8.Ne2 Qc7 
9.Bh4 Ng4 10.Bxe7 Nxe3 11.Qa4 Kxe7 12.Kf2 Nb6 13.Qa3 Nbc4 14.Nxc4 Nxc4 15.
Bxc4 dxc4 16.Qxc5+ Qxc5 17.dxc5 Be6 18.f4 e4 19.Nd4 Rac8 20.b4 cxb3 21.
axb3 Rxc5 1/2-1/2

[Event "XIX Festival Conca della Presolana Magistrale"]
[Site "Bratto - Castione della Presolana ITA"]
[Date "1999.08.25"]
[Round "4"]
[White "Mantovani, Renzo"]
[Black "Bresciani, Nicola"]
[Result "1-0"]
[WhiteElo "2419"]
[BlackElo "2275"]
[PlyCount "95"]
[EventDate "1999.08.22"]

1.Nf3 Nf6 2.d4 e6 3.c4 b6 4.Nc3 Bb4 5.Bg5 h6 6.Bh4 g5 7.Bg3 Ne4 8.Qc2 Bb7 
9.e3 Bxc3+ 10.bxc3 d6 11.Nd2 Nxg3 12.hxg3 Nd7 13.f3 Qe7 14.Bd3 O-O-O 15.
Kf2 h5 16.Be4 d5 17.cxd5 exd5 18.Bf5 Kb8 19.a4 h4 20.gxh4 Rxh4 21.Rxh4 
gxh4 22.a5 Nf6 23.axb6 cxb6 24.c4 Bc8 25.c5 bxc5 26.dxc5 Ka8 27.Ra3 Qc7 
28.Nf1 h3 29.Bxh3 Bxh3 30.gxh3 d4 31.exd4 Rxd4 32.c6 Rd6 33.Ra6 Nd5 34.Qe4
Nb6 35.Ra5 Qxc6 36.Rf5 Qxe4 37.fxe4 Rh6 38.Kg3 f6 39.Ne3 Nd7 40.Ng4 Rg6 
41.Kf4 Kb7 42.h4 Kb6 43.h5 Rg5 44.Nxf6 Nxf6 45.Rxf6+ Kc5 46.h6 Rg1 47.Rf5+
Kd6 48.Rh5 1-0

[Event "XIX Festival Conca della Presolana Magistrale"]
[Site "Bratto - Castione della Presolana ITA"]
[Date "1999.08.25"]
[Round "4"]
[White "Mauro, Alan"]
[Black "Lantini, Marco"]
[Result "0-1"]
[WhiteElo "2278"]
[BlackElo "2193"]
[PlyCount "86"]
[EventDate "1999.08.22"]

1.e4 e5 2.Nf3 Nf6 3.Nc3 Bb4 4.Bc4 O-O 5.d3 d5 6.exd5 Nxd5 7.Bd2 Bxc3 8.
bxc3 Bg4 9.h3 Bh5 10.Bxd5 Qxd5 11.c4 Qc6 12.g4 Bg6 13.O-O Nd7 14.Nh4 e4 
15.dxe4 Bxe4 16.f3 Qc5+ 17.Kg2 Bc6 18.Bc3 Qxc4 19.Qd4 Qxd4 20.Bxd4 g6 21.
Kf2 Ba4 22.f4 c5 23.Bb2 Bxc2 24.Nf3 Rfe8 25.Rfe1 b5 26.h4 Rad8 27.h5 c4 
28.hxg6 fxg6 29.Nd4 Nc5 30.Rxe8+ Rxe8 31.Nxc2 Nd3+ 32.Kf3 Nxb2 33.Ne3 a6 
34.f5 Nd3 35.fxg6 hxg6 36.Nd5 Rd8 37.Nf6+ Kf7 38.Ne4 b4 39.Rh1 c3 40.Rh7+ 
Ke6 41.Rc7 c2 42.Nc5+ Nxc5 43.Rxc5 Rd3+ 0-1

[Event "XIX Festival Conca della Presolana Magistrale"]
[Site "Bratto - Castione della Presolana ITA"]
[Date "1999.08.25"]
[Round "4"]
[White "Moncelli, Giorgio"]
[Black "Everet, Alexandro"]
[Result "0-1"]
[WhiteElo "2174"]
[BlackElo "2294"]
[PlyCount "62"]
[EventDate "1999.08.22"]

1.c4 Nf6 2.g3 g6 3.Bg2 Bg7 4.Nc3 O-O 5.e3 e5 6.Nge2 c6 7.O-O d5 8.cxd5 
cxd5 9.d4 e4 10.b3 Bf5 11.Ba3 Re8 12.Rc1 Nc6 13.Qd2 Qd7 14.Na4 b6 15.Rc2 
g5 16.Rfc1 Re6 17.Nec3 Bf8 18.Bxf8 Rxf8 19.Bf1 Nb4 20.Rb2 Nd3 21.Bxd3 exd3
22.a3 g4 23.Ra2 Ne4 24.Qxd3 Rh6 25.Qb5 Qxb5 26.Nxb5 Ng5 27.Rc3 Nf3+ 28.Kf1
Rxh2 29.Ke2 Rh1 30.e4 Re1+ 31.Kd3 Bxe4# 0-1

[Event "XIX Festival Conca della Presolana Magistrale"]
[Site "Bratto - Castione della Presolana ITA"]
[Date "1999.08.25"]
[Round "4"]
[White "Oppici, Gabriele"]
[Black "Giretti Kanev, Jasen"]
[Result "0-1"]
[WhiteElo "2052"]
[BlackElo "2152"]
[PlyCount "78"]
[EventDate "1999.08.22"]

1.Nc3 d5 2.e4 d4 3.Nce2 e5 4.Ng3 Be6 5.Nf3 Nd7 6.c3 Bc5 7.Qa4 c6 8.d3 Ngf6
9.b4 Be7 10.cxd4 exd4 11.Bd2 b5 12.Qc2 Qb6 13.Rc1 c5 14.Qb2 O-O 15.Be2 
cxb4 16.O-O Bc5 17.Bxb4 Bxb4 18.Qxb4 a5 19.Qb2 b4 20.Nxd4 a4 21.Rc6 a3 22.
Qa1 Qb7 23.f4 Rac8 24.Rxc8 Rxc8 25.f5 Bxa2 26.Qxa2 Qb6 27.Qa1 Rc3 28.Kh1 
Qxd4 29.h3 Qc5 30.d4 Qxd4 31.Rd1 Qc5 32.Bf3 b3 33.Ne2 b2 34.Qa2 Rc1 35.Qb3
b1=Q 36.Nxc1 Qxb3 37.Nxb3 Qc3 38.Na1 h5 39.Kh2 h4 0-1

[Event "XIX Festival Conca della Presolana Magistrale"]
[Site "Bratto - Castione della Presolana ITA"]
[Date "1999.08.25"]
[Round "4"]
[White "Osuna Munoz, Xavier"]
[Black "Barbafiera, Luigi"]
[Result "1-0"]
[WhiteElo "2096"]
[BlackElo "1915"]
[PlyCount "75"]
[EventDate "1999.08.22"]

1.e4 c5 2.Nf3 e6 3.d3 Nc6 4.g3 d6 5.Bg2 Nf6 6.O-O Be7 7.Re1 O-O 8.Nbd2 Rb8
9.c3 b5 10.Nf1 Qb6 11.Bg5 h6 12.Bd2 a5 13.h3 Ba6 14.g4 b4 15.c4 Nd7 16.Ng3
Nde5 17.Be3 Rfd8 18.Nh2 Ng6 19.Nh5 Nh4 20.Bh1 Nd4 21.f4 g5 22.fxg5 hxg5 
23.Rf1 Rf8 24.Nf6+ Bxf6 25.Rxf6 d5 26.Bxg5 Ng6 27.exd5 Qd6 28.Nf3 Qg3+ 29.
Bg2 Bb7 30.Nxd4 cxd4 31.Rf3 Qe5 32.Bf6 Qd6 33.Qd2 Kh7 34.Qg5 Rfe8 35.h4 
exd5 36.h5 Rg8 37.hxg6+ Rxg6 38.Rh3+ 1-0

[Event "XIX Festival Conca della Presolana Magistrale"]
[Site "Bratto - Castione della Presolana ITA"]
[Date "1999.08.25"]
[Round "4"]
[White "Pass, Deborah J."]
[Black "Vita, Fabrizio"]
[Result "1-0"]
[WhiteElo "2030"]
[BlackElo "2114"]
[PlyCount "133"]
[EventDate "1999.08.22"]

1.e4 c5 2.Nf3 d6 3.d3 Nc6 4.g3 g6 5.Bg2 Bg7 6.O-O Nf6 7.Nbd2 O-O 8.c3 e5 
9.Re1 h6 10.a4 Be6 11.Nc4 Qc7 12.Ne3 Rad8 13.c4 Nb4 14.Nd5 Nfxd5 15.cxd5 
Bc8 16.Qb3 Kh7 17.Bd2 a5 18.Rac1 Qe7 19.Rf1 f5 20.Ne1 f4 21.f3 h5 22.Nc2 
Bh6 23.Nxb4 axb4 24.Qd1 Rf7 25.Rf2 b6 26.b3 Ba6 27.Qe2 Qf8 28.Rcf1 Ra8 29.
Bh3 Rfa7 30.Rg2 b5 31.gxf4 Bxf4 32.Be1 Qe7 33.Bg3 bxa4 34.bxa4 Bb7 35.Bxf4
exf4 36.Qd2 g5 37.Bf5+ Kh8 38.Qb2+ Qg7 39.Qxg7+ Kxg7 40.Rxg5+ Kf6 41.Rg6+ 
Ke5 42.Re6+ Kd4 43.Rxd6 Rxa4 44.Rd1 b3 45.Rb6 Rb4 46.Rxb4+ cxb4 47.d6 Bc6 
48.Rb1 Kc3 49.e5 Rd8 50.Kf2 b2 51.d4 Ba4 52.Re1 Kxd4 53.Re4+ Kc3 54.Re2 
Bd1 55.Re1 Bc2 56.Bxc2 Kxc2 57.Re2+ Kb3 58.Re1 Ka2 59.e6 Rxd6 60.e7 b1=Q 
61.Rxb1 Kxb1 62.e8=Q b3 63.Qe4+ Ka2 64.Qa4+ Kb2 65.Qxf4 Ra6 66.Qe5+ Ka3 
67.Qa1+ 1-0

[Event "XIX Festival Conca della Presolana Magistrale"]
[Site "Bratto - Castione della Presolana ITA"]
[Date "1999.08.25"]
[Round "4"]
[White "Quinn, Mark Peter"]
[Black "Szekely, Peter"]
[Result "1/2-1/2"]
[WhiteElo "2377"]
[BlackElo "2436"]
[PlyCount "24"]
[EventDate "1999.08.22"]

1.d4 Nf6 2.c4 g6 3.Nc3 Bg7 4.e4 d6 5.Be2 O-O 6.Bg5 c5 7.d5 h6 8.Be3 Qa5 9.
Qd2 Kh7 10.h3 a6 11.a4 b5 12.cxb5 axb5 1/2-1/2